| Поле | Инд. | ПП | Название | Значение |
|---|---|---|---|---|
| Тип записи | a | |||
| Библиографический уровень | m | |||
| 001 | Контрольный номер | 0f184120ce2c417badee4a695b9d3712 | ||
| 005 | Дата корректировки | 20160722104158.4 | ||
| 008 | Кодируемые данные | 160706|||||||||ru |||||||||||||||||rus|| | ||
| 020 | a | ISBN | 978-5-227-01960-8 | |
| 041 | 0_ | a | Код языка текста | rus |
| 084 | a | Индекс другой классификации/Индекс ББК | 63.3(2)622+63.3(2)62 | |
| 090 | a | Полочн. индекс | 63.3(2)622 | |
| x | Авторский знак | М 72 | ||
| 100 | 1_ | a | Автор | Млечин Л. М. |
| 245 | 10 | a | Заглавие | Вторая мировая случайная война |
| 260 | a | Место издания | Москва | |
| b | Издательство | Центрполиграф | ||
| c | Дата издания | 2010 | ||
| 300 | a | Объем | 381, [1] с., [12] л. фото | |
| 650 | 04 | a | Основная рубрика | Великая Отечественная война, 1941-1945 |
| 653 | 0_ | a | Ключевые слова | Великая Отечественная война 1941-1945 гг.; Вторая мировая война 1939-1945 гг.; Фашизм |
| 901 | t | Тип документа | m |